Rotordynamics /
Salvato in:
| Autore principale: | |
|---|---|
| Natura: | Libro |
| Lingua: | inglese |
| Pubblicazione: |
Boca Raton
Taylor & Francis
2005
|
| Edizione: | 1st Ed. |
| Serie: | Mechanical engineering
188 |
| Soggetti: | |
| Tags: |
Nessun Tag, puoi essere il primo ad aggiungerne!!
|
MARC
| LEADER | 00000nam a22000003a 4500 | ||
|---|---|---|---|
| 001 | 0068814 | ||
| 003 | SK-STU | ||
| 005 | 20190109105152.5 | ||
| 007 | ta | ||
| 008 | 181120s ----xo-----e------000-0-----d | ||
| 020 | |a 978-0-8247-2399-6 | ||
| 040 | |a STU |b slo | ||
| 041 | 0 | |a eng | |
| 044 | |a xxu | ||
| 100 | 1 | |a Muszynska, Agnieszka |4 aut | |
| 245 | 1 | 0 | |a Rotordynamics / |c aut. Agnieszka Muszynska |
| 250 | |a 1st Ed. | ||
| 260 | |a Boca Raton |b Taylor & Francis |c 2005 | ||
| 300 | |a 1075 s. | ||
| 490 | 0 | |a Mechanical engineering |v 188 | |
| 650 | 0 | 7 | |a kmitanie |
| 650 | 0 | 7 | |a rotačné stroje |
| 996 | |b 284M088009 |c M* 14187-1 |l MMST |s A |a 24 |w 0068814_0001 | ||